00540cam a22001571 4500999001500000082001600015100001800031245003200049250001400081260004700095300002300142490008300165650002400248942000700272952010300279 c4596d459600a658.83bWIL1 aWills, Gordon10aMarketing through research/ a[1st ed.] aOxford,aNew York,bPergamon Pressc[1967] axv, 151 p.billus.0 aThe Commonwealth and international library. The essentials of marketing series 0aMarketing research. cBK 0010708NFICaICbICcGENd2018-07-13l0o658.83 WILp001058r2022-11-17 00:00:00w2018-07-13yBK